Mass murder: an annotated bibliography
| Main Author: | |
|---|---|
| Format: | Print Book |
| Language: | English |
| Published: |
New York [u.a.]
Garland
1988
|
| In: |
Garland reference library of social science (427)
Year: 1988 |
| Availability in Tübingen: | Present in Tübingen. UB: KB 18 A 3387 |
| Check availability: | HBZ Gateway |
| Subito Delivery Service: | Order now. |
| Keywords: |
MARC
| LEADER | 00000cam a2200000 c 4500 | ||
|---|---|---|---|
| 001 | 271779004 | ||
| 003 | DE-627 | ||
| 005 | 20251222212105.0 | ||
| 007 | tu | ||
| 008 | 880307s1988 xxu||||| b 00| ||eng c | ||
| 020 | |a 0824066197 |9 0-8240-6619-7 | ||
| 035 | |a (DE-627)271779004 | ||
| 035 | |a (DE-576)013789228 | ||
| 035 | |a (DE-599)GBV271779004 | ||
| 035 | |a (OCoLC)246633583 | ||
| 035 | |a (OCoLC)16801814 | ||
| 035 | |a (OCoLC)16801814 | ||
| 035 | |a (DE-604)8007724535 | ||
| 040 | |a DE-627 |b ger |c DE-627 |e rakwb | ||
| 041 | |a eng | ||
| 044 | |c XD-US |c XA-GB | ||
| 082 | 0 | |a 016.3641/523 | |
| 084 | |a MS 6380 |2 rvk |0 (DE-625)rvk/123753: | ||
| 100 | 1 | |a Newton, Michael |d 1951- |0 (DE-588)131412108 |0 (DE-627)508781191 |0 (DE-576)298461293 |4 aut | |
| 109 | |a Newton, Michael 1951- | ||
| 245 | 1 | 0 | |a Mass murder |b an annotated bibliography |c Michael Newton |
| 264 | 1 | |a New York [u.a.] |b Garland |c 1988 | |
| 300 | |a XII, 378 S. | ||
| 336 | |a Text |b txt |2 rdacontent | ||
| 337 | |a ohne Hilfsmittel zu benutzen |b n |2 rdamedia | ||
| 338 | |a Band |b nc |2 rdacarrier | ||
| 490 | 1 | |a Garland reference library of social science |v 427 | |
| 583 | 1 | |a Archivierung prüfen |c 20200919 |f DE-640 |z 2 |2 pdager | |
| 583 | 1 | |a Archivierung prüfen |c 20240324 |f DE-4165 |z 2 |2 pdager | |
| 655 | 7 | |a Bibliografie |0 (DE-588)4006432-3 |0 (DE-627)104814519 |0 (DE-576)208865578 |2 gnd-content | |
| 689 | 0 | 0 | |d s |0 (DE-588)4120706-3 |0 (DE-627)105774626 |0 (DE-576)209537280 |a Massenmord |2 gnd |
| 689 | 0 | |5 (DE-627) | |
| 689 | 1 | 0 | |d g |0 (DE-588)4078704-7 |0 (DE-627)106076612 |0 (DE-576)209209682 |a USA |2 gnd |
| 689 | 1 | 1 | |d s |0 (DE-588)4120706-3 |0 (DE-627)105774626 |0 (DE-576)209537280 |a Massenmord |2 gnd |
| 689 | 1 | |5 (DE-627) | |
| 830 | 0 | |a Garland reference library of social science |v 427 |9 427 |w (DE-627)129449466 |w (DE-576)014815427 |w (DE-600)197175-X |7 am | |
| 889 | |w (DE-627)026700786 | ||
| 935 | |i mdedup | ||
| 935 | |i Blocktest | ||
| 936 | r | v | |a MS 6380 |b Kriminalität, Gefängnis, Erziehungsheim |k Soziologie |k Spezielle Soziologien |k Soziale Probleme |k Kriminalität, Gefängnis, Erziehungsheim |0 (DE-627)1271441438 |0 (DE-625)rvk/123753: |0 (DE-576)201441438 |
| 951 | |a BO | ||
| ELC | |b 1 | ||
| LOK | |0 000 xxxxxcx a22 zn 4500 | ||
| LOK | |0 001 3285441836 | ||
| LOK | |0 003 DE-627 | ||
| LOK | |0 004 271779004 | ||
| LOK | |0 005 20151023134414 | ||
| LOK | |0 008 880307||||||||||||||||ger||||||| | ||
| LOK | |0 040 |a DE-21 |c DE-627 |d DE-21 | ||
| LOK | |0 852 |a DE-21 | ||
| LOK | |0 852 1 |c KB 18 A 3387 |9 00 | ||
| LOK | |0 935 |a krim | ||
| LOK | |0 939 |a 07-03-88 |b l01 | ||
| ORI | |a SA-MARC-krimdoka001.raw | ||
| SIG | |a UB: KB 18 A 3387 | ||
